Haukiāṃ saṅga paranāe. (Record no. 75443)
[ view plain ]
| 000 -LEADER | |
|---|---|
| fixed length control field | 00577cam a22002291 4500 |
| 001 - CONTROL NUMBER | |
| control field | sa 67005776 |
| 003 - CONTROL NUMBER IDENTIFIER | |
| control field | DLC |
| 005 - DATE AND TIME OF LATEST TRANSACTION | |
| control field | 20260227112400.0 |
| 008 - FIXED-LENGTH DATA ELEMENTS--GENERAL INFORMATION | |
| fixed length control field | 940801s1966 ii c 000 0 pano |
| 010 ## - LIBRARY OF CONGRESS CONTROL NUMBER | |
| LC control number | sa 67005776 |
| 025 ## - OVERSEAS ACQUISITION NUMBER | |
| Overseas acquisition number | PL480:I-Pu-865 |
| 035 ## - SYSTEM CONTROL NUMBER | |
| System control number | (OCoLC)30859955 |
| 040 ## - CATALOGING SOURCE | |
| Original cataloging agency | DLC |
| Transcribing agency | CU |
| Modifying agency | CU |
| -- | DLC |
| 042 ## - AUTHENTICATION CODE | |
| Authentication code | premarc |
| 050 00 - LIBRARY OF CONGRESS CALL NUMBER | |
| Classification number | PK2659.P35 |
| Item number | H3 |
| 100 1# - MAIN ENTRY--PERSONAL NAME | |
| Personal name | Patārawī, Mahindara Siṅgha. |
| 245 10 - TITLE STATEMENT | |
| Title | Haukiāṃ saṅga paranāe. |
| 260 ## - PUBLICATION, DISTRIBUTION, ETC. | |
| Date of publication, distribution, etc. | [1967, i.e. 1966] |
| 300 ## - PHYSICAL DESCRIPTION | |
| Extent | 9, 111 p. |
| Other physical details | port. |
| Dimensions | 19 cm. |
| 500 ## - GENERAL NOTE | |
| General note | In Panjabi. |
| 500 ## - GENERAL NOTE | |
| General note | Poems. |
No items available.